The Sivananda yoga training manual. (Record no. 3207)

MARC details
000 -LEADER
fixed length control field 00367cam a2200133 4500
001 - CONTROL NUMBER
control field 3928
010 ## - LIBRARY OF CONGRESS CONTROL NUMBER
LC control number 92160788
245 04 - TITLE STATEMENT
Title The Sivananda yoga training manual.
260 ## - PUBLICATION, DISTRIBUTION, ETC.
Place of publication, distribution, etc. New York, NY :
Name of publisher, distributor, etc. Sivananda Yoga Vedanta Centre,
Date of publication, distribution, etc. [c1991].
300 ## - PHYSICAL DESCRIPTION
Extent 78 p. :
Other physical details ill. ;
Dimensions 19 cm.
500 ## - GENERAL NOTE
General note Cover title.
650 #0 - SUBJECT ADDED ENTRY--TOPICAL TERM
Topical term or geographic name entry element Hatha yoga.
710 2# - ADDED ENTRY--CORPORATE NAME
Corporate name or jurisdiction name as entry element Sivananda Yoga Vedanta Center.
Holdings
Withdrawn status Lost status Source of classification or shelving scheme Damaged status Not for loan Collection code Home library Current library Shelving location Date acquired Serial Enumeration / chronology Inventory number Total Checkouts Total Renewals Full call number Barcode Date last seen Date last checked out Price effective from Koha item type
    Dewey Decimal Classification     Main TEST RTC Library RTC Library Main opac 27/11/2018 6621 1 1 613.7 VIS 30006345 30/03/2023 06/03/2023 27/11/2018 Main
Royal Thimphu College || All Right Reserved